Statistics for 50 Largest Islands in the World

Click here to take the quiz!

General Stats

  • This quiz has been taken 1,132 times
  • The average score is 25 of 50

Answer Stats

Rank Area IslandLetters of other answers% Correct
12,130,800Greenlandh n d l s . . r .
94%
4587,713Madagascaro w e o a i . . .
93%
17104,556Cubae z t . . s r i .
88%
2084,421Irelandi e a o . . . . .
87%
18101,826Icelandu w o h . . i e t
86%
2565,268Sri Lankaa k p a n a . . a
83%
13138,794Javao l e t r . . . r
83%
14111,583Northa u a s . i . . .
82%
12145,836Southu l a o u a . a .
82%
3748,168Borneoe e k n n y t . .
82%
9209,331Great Britaini n a i a . n d .
82%
7225,800Honshuu f a e u a . . .
81%
6480,848Sumatraa d n G l u . . .
81%
2785,753New Guinear i a i n e . . .
79%
2178,719Hokkaidor n l . u . . . .
77%
5507,451Baffina r . n k l a . .
74%
3835,883Taiwany i a h l e . . l
74%
4525,662Sicilyi n n n e i . . e
73%
2276,480Hispaniolao e d a . n . . .
71%
15109,965Luzono v t w m B a . .
70%
4823,949Sardiniao m i r u . . f i
66%
11180,681Sulawesil e t h r . c . a
66%
8217,291Victoriao m f g o i n . .
60%
2664,519Tasmaniar n h a i d o . .
59%
16108,860Newfoundlandu r a h e e r . .
58%
10196,236Ellesmerer c s t n s . e .
57%
3737,437Kyūshūp r t i H r . e .
56%
1997,530Mindanaoc b f n . . . . .
55%
2372,493Sakhalini k l a n . d . .
46%
5018,545Shikokua r e r y . e . .
45%
4233,210Hainanu i . a ū e . t .
42%
4331,285Vancouvera z n B n . r . o
39%
4428,418Timora i h c r . . g .
36%
2470,028Banksa s k a n d . l .
33%
3047,079Severnyi e o a a . n l .
19%
4133,246Yuzhnyr w w h b . p . e
19%
2947,401Tierra del Fuegol v m L . i o . .
18%
3935,145New Britaina ū t j a l i . .
17%
2755,247Devona i k a n d . . .
17%
3637,814Spitsbergena u v . e y d r .
16%
4033,339Prince of Walese i s s ó m e b .
12%
3342,149Melvillex r e r n . a a .
11%
3243,178Axel Heiberge v r a . i k . .
10%
3441,214Southamptone e k r a d . . .
10%
4624,786Somerseti m c a y . t . .
10%
3540,100Marajóo l l n n . e . .
8%
2849,070Alexandere s . s l i o . .
7%
4919,162Bananala t e l . v . . .
7%
3143,873Berknere e x n n n . . a
6%
4724,000Kotelnyo c o o n . o a .
5%

Score Distribution

Percentile by Number Answered

Percent of People with Each Score

Your Score History

You have not taken this quiz